000 00523nam a2200193 a 4500
005 20140310183627.0
008 061115s19uu xx 00 eng d
020 _a0747569800
050 _aHF 1001
_b.C699 2004
100 _aCollin, P.H.
245 _aDictionary of business /
_cP.H. Collin.
250 _a4th ed.
260 _aLondon :
_bBloomsbury Publishing,
_c2004.
300 _a451 p. :
_c23 cm.
650 _aBusiness
_xdictionaries.
650 _aFinance
_xDictionaries.
942 _cBK
_2lcc
999 _c25532
_d25532